Statistics for Famous People who got Covid-19

Click here to take the quiz!

General Stats

  • This quiz has been taken 25 times
  • The average score is 11 of 22

Answer Stats

HintAnswer% Correct
Rapper who's married to Kim KardashianKanye West
96%
Famous from "Mission: Impossible"Tom Cruise
96%
American politicianDonald Trump
91%
Actor in Forrest GumpTom Hanks
91%
Fastest humanUsain Bolt
91%
Actor in "Jumanji" and "Fast and Furious"Dwayne Johnson
87%
Has made "Summer of 69"Bryan Adams
65%
Red haired british singerEd Sheeran
61%
Female talkshowhostEllen DeGeneres
48%
Brazilian politicianJair Bolsonaro
48%
Actor/Comedian - was in "Jumanji"Kevin Hart
48%
Proffesional tennis player from MallorcaRafael Nadal
48%
Model and married to John LegendChrissy Teigen
43%
Leader of MonacoAlbert II
35%
20 year old female singerBillie Eilish
35%
Made the song "Say so"Doja Cat
35%
Rapper who made "Gucci Gang"Lil Pump
13%
BTS memberJin
9%
Female singer - made a song with her daughterPink
9%
BTS memberRM
9%
BTS memberSuga
9%
Actor in Game of ThronesKristofer Hivju
0%

Score Distribution

Percentile by Number Answered

Percent of People with Each Score

Your Score History

You have not taken this quiz